Pays Non-Frontaliers de Pays de Plus de 100 Millions - Mort Subite - Statistiques

Statistiques générales
  • Ce quiz a été pris 40 fois
  • Le résultat moyen est 5 sur 18
Answers on the Grid
Answers color-coded by a green-red scale on the quiz's grid according to % correct below.
Afrique du Sud
Algerie
Allemagne
Angola
Bénin
Botswana
Brésil
Bulgarie
Cameroun
Canada
Chili
Corée du Nord
Emirats Arabes Unis
Estonie
Etats-Unis
Gambie
Guatemala
Haiti
Honduras
Israël
Kenya
Kirghizistan
Laos
Nauru
Norvège
Oman
Ouzbékistan
Pakistan
Papouasie-Nouvelle-Guinée
Slovaquie
Soudan
Suède
Suriname
Syrie
Taiwan
Zambie
 
Statistiques - réponses
Réponse % Correct
Algerie
69%
Afrique du Sud
62%
Allemagne
59%
Brésil
38%
Chili
34%
Emirats Arabes Unis
31%
Haiti
31%
Nauru
28%
Bulgarie
24%
Taiwan
24%
Botswana
21%
Gambie
21%
Oman
17%
Slovaquie
14%
Suède
14%
Syrie
14%
Honduras
10%
Ouzbékistan
3%
Aucun quiz correspondant
Distribution des résultats
% des personnes avec chaque résultat
Percentile par nombre de réponses
Votre historique - résultats
Vous n’avez pas pris ce quiz